Nigeria : Selected Issues.

This paper discusses a few selected issues of the Nigerian economy-options and strategies for a fiscal rule for oil wealth management, enhancing the effectiveness of monetary policy, and recent developments and prospects of capital flow. Despite its diversified economy, Nigeria's fiscal policy...

وصف كامل

التفاصيل البيبلوغرافية
مؤلف مشترك: International Monetary Fund. African Dept
التنسيق: دورية
اللغة:English
منشور في: Washington, D.C. : International Monetary Fund, 2016.
سلاسل:IMF Staff Country Reports; Country Report ; No. 2016/102
الوصول للمادة أونلاين:Full text available on IMF
LEADER 01691cas a2200241 a 4500
001 AALejournalIMF016749
008 230101c9999 xx r poo 0 0eng d
020 |c 5.00 USD 
020 |z 9781475550559 
022 |a 1934-7685 
040 |a BD-DhAAL  |c BD-DhAAL 
110 2 |a International Monetary Fund.  |b African Dept. 
245 1 0 |a Nigeria :   |b Selected Issues. 
264 1 |a Washington, D.C. :  |b International Monetary Fund,  |c 2016. 
300 |a 1 online resource (59 pages) 
490 1 |a IMF Staff Country Reports 
500 |a <strong>Off-Campus Access:</strong> No User ID or Password Required 
500 |a <strong>On-Campus Access:</strong> No User ID or Password Required 
506 |a Electronic access restricted to authorized BRAC University faculty, staff and students 
520 3 |a This paper discusses a few selected issues of the Nigerian economy-options and strategies for a fiscal rule for oil wealth management, enhancing the effectiveness of monetary policy, and recent developments and prospects of capital flow. Despite its diversified economy, Nigeria's fiscal policy is heavily dependent on the oil sector. This paper explores options for a formalized rule-based approach to setting a 'depoliticized' budget oil price. Two boom-and-bust episodes since early 2000 have highlighted the challenges in the current monetary policy framework. Nigeria has also been characterized by sizable capital outflows, which have diminished recently. 
538 |a Mode of access: Internet 
830 0 |a IMF Staff Country Reports; Country Report ;  |v No. 2016/102 
856 4 0 |z Full text available on IMF  |u http://elibrary.imf.org/view/journals/002/2016/102/002.2016.issue-102-en.xml  |z IMF e-Library